00682nam a2200217 i 4500001000700000003000900007005001700016007000300033008004100036080002700077080001600104100002500120245003300145250003000178260003600208300004600244600002800290651003400318852002200352852009000374121933ES-MaACL20251201163629.0t|070214s1965 sp cf |||| |bspa d a929 Prim y Prats, Juan a94(460)"18"1 aPoch Noguer, José.10aPrim / cJosé Poch Noguer. a1ª ed. en Colección Z. aBarcelona : bJuventud, c1965. a204 p., [8] p. de lám. retr. ; c18 cm.14aPrim, Juan, d1814-1870 7aEspaña-xHistoria-yS.XIX2 aES-MaACLjC-28908 aES-MaACLjL-31679 z. - Donat. herederos de la bibl. de Mª del Pilar Costa Palacín